00222nam a2200097Ia 4500008004100000100001500041245003500056260000900091942000700100999001700107190216s9999||||xx |||||||||||||| ||und|| aKovoor.E.M 0aPazhaya Kudathil Puthiya Veenj bNull cBK c24752d24752